[Event "BCF-chT 0405 (4NCL)"]
[Site "West Bromwich"]
[Date "2005.05.01"]
[Round "10.8"]
[White "Wilson, Alexandra"]
[Black "Plant, Paul RJ"]
[Result "1/2-1/2"]
[WhiteElo "2058"]
[BlackElo "2123"]
[PlyCount "63"]
[EventDate "2004.09.18"]
[EventType "team"]
[EventRounds "11"]
[EventCountry "ENG"]
[SourceTitle "EXT 2006"]
[Source "ChessBase"]
[SourceDate "2005.11.24"]
[SourceVersion "1"]
[SourceVersionDate "2005.11.24"]
[SourceQuality "1"]
[WhiteTeam "Richmond"]
[BlackTeam "Numerica 3CS"]
[WhiteTeamCountry "ENG"]
[BlackTeamCountry "ENG"]

1. e4 e6 2. d4 d5 3. e5 c5 4. c3 Nc6 5. Nf3 Qb6 6. a3 Nh6 7. b4 cxd4 8. cxd4 Nf5 9. Bb2 Bd7 10. g4 Nh6 11. h3 Rc8 12. Nc3 Na5 13. Na4 Qc6 14. Nc5 Nc4 15. Bc1 b6 16. Nxd7 Qxd7 17. Bxh6 gxh6 18. Nd2 Nb2 19. Qb3 Na4 20. b5 Nc3 21. Rc1 Ne4 22. Rxc8+ Qxc8 23. Nxe4 Qc1+ 24. Qd1 Qxd1+ 25. Kxd1 dxe4 26. a4 Ba3 27. Ke2 Bb2 28. Ke3 0-0 29. Bg2 Rc8 30. Bxe4 Rc4 31. Rd1 Rxa4 32. h4 1/2-1/2

[Event "Monarch Assurance 13th"]
[Site "Port Erin"]
[Date "2004.09.29"]
[Round "5"]
[White "Mannion, Stephen R"]
[Black "Plant, Paul RJ"]
[Result "1-0"]
[WhiteElo "2333"]
[BlackElo "2107"]
[PlyCount "43"]
[EventDate "2004.09.25"]
[EventType "swiss"]
[EventRounds "9"]
[EventCountry "IOM"]
[SourceTitle "CBM 102 Extra"]
[Source "ChessBase"]
[SourceDate "2004.11.03"]
[SourceVersion "1"]
[SourceVersionDate "2004.11.03"]
[SourceQuality "1"]

1. e4 e6 2. d4 d5 3. Nd2 Nf6 4. e5 Nfd7 5. c3 c5 6. f4 Nc6 7. Ndf3 Qb6 8. a3 c4 9. Ne2 Na5 10. g4 Qc7 11. Ng3 Nb6 12. Bh3 Bd7 13. 0-0 Na4 14. Qc2 Nb3 15. Rb1 Qa5 16. f5 b6 17. Ng5 Bxa3 18. bxa3 Qxc3 19. Qf2 0-0 20. Be3 Qa5 21. f6 Qc3 22. fxg7 1-0

[Event "Monarch Assurance 13th"]
[Site "Port Erin"]
[Date "2004.09.27"]
[Round "3"]
[White "Volkov, Sergey"]
[Black "Plant, Paul RJ"]
[Result "1-0"]
[WhiteElo "2625"]
[BlackElo "2107"]
[PlyCount "71"]
[EventDate "2004.09.25"]
[EventType "swiss"]
[EventRounds "9"]
[EventCountry "IOM"]
[SourceTitle "CBM 102 Extra"]
[Source "ChessBase"]
[SourceDate "2004.11.03"]
[SourceVersion "1"]
[SourceVersionDate "2004.11.03"]
[SourceQuality "1"]

1. e4 e6 2. d4 d5 3. Nc3 Nf6 4. Bg5 dxe4 5. Nxe4 Be7 6. Bxf6 Bxf6 7. Nf3 0-0 8. Qd2 b6 9. 0-0-0 Bb7 10. Qf4 Bxe4 11. Qxe4 Qd5 12. Bd3 Qxe4 13. Bxe4 c6 14. Ne5 Rc8 15. f4 Be7 16. Rhe1 Rc7 17. Re3 f6 18. Nc4 b5 19. Na5 Bb4 20. Nb3 Nd7 21. Bf3 Bd6 22. g3 Kf7 23. Na5 Rac8 24. c3 Nb8 25. b4 Re8 26. Kc2 g6 27. Kb3 Bf8 28. a3 Bd6 29. c4 Rec8 30. Rde1 Re7 31. c5 Bc7 32. Nxc6 Nxc6 33. Bxc6 Bxf4 34. gxf4 Rxc6 35. d5 Ra6 36. c6 1-0

[Event "Glorney Cup"]
[Site "Aberdeen"]
[Date "2004.07.27"]
[Round "3"]
[White "Plant, Paul RJ"]
[Black "Lampir, Tomas"]
[Result "1-0"]
[WhiteElo "2107"]
[BlackElo "1999"]
[PlyCount "181"]
[EventDate "2004.07.26"]
[EventType "team"]
[EventRounds "5"]
[EventCountry "SCO"]
[SourceTitle "CBM 101 Extra"]
[Source "ChessBase"]
[SourceDate "2004.09.01"]
[SourceVersion "2"]
[SourceVersionDate "2004.09.01"]
[SourceQuality "1"]
[WhiteTeam "England"]
[BlackTeam "Czech Republic"]
[WhiteTeamCountry "ENG"]
[BlackTeamCountry "CZE"]

1. d4 e6 2. Nf3 f5 3. g3 Nf6 4. Bg2 d5 5. 0-0 Bd6 6. c4 c6 7. Nc3 0-0 8. b3 Nbd7 9. Ne1 Ne4 10. Qc2 Ndf6 11. Nd3 Qe8 12. Bf4 Bxf4 13. Nxf4 Bd7 14. Rfe1 Ng4 15. f3 Ne3 16. Qd3 Nxg2 17. Kxg2 Nf6 18. e4 fxe4 19. fxe4 Nh5 20. Nxh5 Qxh5 21. Qe2 Qh6 22. e5 Be8 23. Qe3 Qg6 24. Re2 Bd7 25. Rf1 Rxf1 26. Kxf1 Rf8+ 27. Kg2 Qg4 28. Rf2 Rxf2+ 29. Qxf2 h6 30. Ne2 Qe4+ 31. Qf3 Qc2 32. cxd5 cxd5 33. Kh3 Qxa2 34. Nf4 Qa5 35. Qg4 Qd8 36. Qg6 Qg5 37. Qxg5 hxg5 38. Nd3 Kf7 39. Kg4 Kg6 40. Kf3 a5 41. Nf2 b6 42. Ke3 b5 43. Kd2 Kf5 44. Kc3 b4+ 45. Kb2 Bb5 46. Kc2 Kg6 47. Kb2 Kf7 48. Kc2 Ke7 49. Nh3 g4 50. Nf2 Be2 51. Kd2 Bb5 52. Nd1 Kd7 53. Nb2 Kc6 54. Ke3 Kb6 55. Kd2 a4 56. bxa4 Ba6 57. Kc2 Ka5 58. Kb3 Be2 59. Kc2 Bf1 60. Kd2 Ba6 61. Kc2 Bf1 62. Kd2 Ba6 63. Kc2 Bc8 64. Kb3 Bd7 65. Nd3 Bxa4+ 66. Kb2 Be8 67. Nc5 Bf7 68. Kb3 Kb5 69. Nd3 Bg6 70. Nxb4 Bb1 71. Kc3 Bg6 72. Na2 Ka4 73. Nc1 Bf5 74. Nb3 g6 75. Nc5+ Ka3 76. Nb7 Ka4 77. Nd8 Ka3 78. Nf7 Ka4 79. Nd8 Ka3 80. Nb7 Ka4 81. Kd2 Kb4 82. Ke3 Kc3 83. Nd8 Kc4 84. Nc6 Kc3 85. Kf4 Kd3 86. Kg5 Ke4 87. Kf6 Kf3 88. Ne7 Ke4 89. Nxf5 gxf5 90. Kxe6 Kxd4 91. Kxf5 1-0

[Event "Glorney Cup"]
[Site "Aberdeen"]
[Date "2004.07.26"]
[Round "1"]
[White "Green, Andrew"]
[Black "Plant, Paul RJ"]
[Result "0-1"]
[WhiteElo "1814"]
[BlackElo "2107"]
[PlyCount "190"]
[EventDate "2004.07.26"]
[EventType "team"]
[EventRounds "5"]
[EventCountry "SCO"]
[SourceTitle "CBM 101 Extra"]
[Source "ChessBase"]
[SourceDate "2004.09.01"]
[SourceVersion "2"]
[SourceVersionDate "2004.09.01"]
[SourceQuality "1"]
[WhiteTeam "Scotland"]
[BlackTeam "England"]
[WhiteTeamCountry "SCO"]
[BlackTeamCountry "ENG"]

1. e4 e6 2. Nc3 d5 3. Nf3 Nf6 4. e5 Nfd7 5. d4 c5 6. dxc5 Nc6 7. Bf4 Bxc5 8. Bd3 f6 9. exf6 Nxf6 10. 0-0 0-0 11. Ne5 Ne4 12. Bxe4 Rxf4 13. Nd3 Bxf2+ 14. Nxf2 dxe4 15. Qxd8+ Nxd8 16. Rad1 Nc6 17. Nfxe4 Rxf1+ 18. Kxf1 e5 19. Nc5 Nd4 20. Rd2 b6 21. Nb3 Ba6+ 22. Kf2 Rd8 23. Nxd4 exd4 24. Ne2 d3 25. cxd3 Rxd3 26. Rxd3 Bxd3 27. Nd4 Be4 28. g3 Bd5 29. a3 Kf7 30. Ke3 Kf6 31. b4 Ke5 32. Nb5 a6 33. Nc3 Bc6 34. Kd3 Kf5 35. Ke3 Kg4 36. Kf2 h5 37. Ne2 g5 38. Nd4 Bd5 39. Ne2 Kh3 40. Kg1 h4 41. gxh4 Kxh4 42. Kf2 Kh3 43. Kg1 Bc6 44. Nd4 Bd5 45. Ne2 Kg4 46. Kf2 Bc6 47. Nd4 Bd7 48. Ne2 Kf5 49. Ke3 Ke5 50. Ng3 Bc6 51. Nf1 Bg2 52. Ng3 Kd5 53. Kd3 Bf3 54. Ke3 Bd1 55. Kd3 Ba4 56. Kc3 Ke5 57. Kd3 Kf4 58. Ke2 Be8 59. Kf2 Bb5 60. Ne2+ Kg4 61. Nd4 Bd7 62. Nf3 Kf4 63. Nd2 Be6 64. Ke2 Bd5 65. Kf2 Kg4 66. Nf1 Be6 67. Nd2 Kf4 68. Ke2 Bd7 69. Kf2 Bb5 70. Nf3 g4 71. Nd2 Bd3 72. Nb3 Ke4 73. a4 Bc2 74. Nd2+ Kd3 75. Nf1 Bxa4 76. Ne3 Bd7 77. Nd5 b5 78. Nb6 Be6 79. Na8 Kc4 80. Nc7 Bc8 81. Ke3 Kxb4 82. Kd3 a5 83. Nd5+ Kc5 84. Nf6 Be6 85. Kc3 b4+ 86. Kb2 a4 87. Ne4+ Kd4 88. Nd2 a3+ 89. Ka1 b3 90. Kb1 Bf5+ 91. Ka1 Kc3 92. Nb1+ Bxb1 93. Kxb1 b2 94. h4 gxh3 95. Ka2 Kc2 0-1

[Event "Coventry op 1st"]
[Site "Coventry"]
[Date "2004.04.16"]
[Round "1"]
[White "Howell, David"]
[Black "Plant, Paul RJ"]
[Result "1-0"]
[WhiteElo "2332"]
[BlackElo "2097"]
[PlyCount "115"]
[EventDate "2004.04.16"]
[EventType "swiss"]
[EventRounds "5"]
[EventCountry "ENG"]
[SourceTitle "CBM 099 Extra"]
[Source "ChessBase"]
[SourceDate "2004.05.04"]
[SourceVersion "1"]
[SourceVersionDate "2004.05.04"]
[SourceQuality "1"]

1. e4 e6 2. d4 d5 3. Nd2 Nf6 4. e5 Nfd7 5. f4 c5 6. c3 Nc6 7. Ndf3 Be7 8. Bd3 0-0 9. Ne2 f5 10. 0-0 c4 11. Bc2 b5 12. Kh1 Nb6 13. Rg1 Kh8 14. g4 g6 15. Qf1 Rf7 16. Qh3 Rg7 17. Be3 Kg8 18. Rg2 Kf7 19. Qh6 Qh8 20. Rag1 Bd7 21. Bf2 Rgg8 22. Bh4 Qg7 23. Qxg7+ Rxg7 24. gxf5 exf5 25. Bxe7 Nxe7 26. h4 h6 27. h5 Rag8 28. Rh2 gxh5 29. Rxg7+ Rxg7 30. Rxh5 Kg6 31. Ng3 Rf7 32. e6 Bxe6 33. Ne5+ Kg7 34. Nxf7 Bxf7 35. Rh2 Bg6 36. Kg2 Nbc8 37. a4 a6 38. Rh1 Nd6 39. axb5 axb5 40. Ra1 Kf7 41. Ra6 Ke6 42. Nf1 Bh5 43. Ne3 Bg6 44. Kg3 Kd7 45. Ra7+ Ke6 46. Ra8 b4 47. Ra6 bxc3 48. bxc3 Kd7 49. Ba4+ Ke6 50. Bd1 Be8 51. Bf3 Bf7 52. Ra5 Kd7 53. Nxd5 Nxd5 54. Bxd5 Bxd5 55. Rxd5 Ke6 56. Re5+ Kf6 57. Kh4 Ne4 58. d5 1-0

[Event "BCF-chT3 0203 (4NCL)"]
[Site "West Bromwich"]
[Date "2003.01.18"]
[Round "3.5"]
[White "Powell, Annie"]
[Black "Plant, Paul RJ"]
[Result "1/2-1/2"]
[WhiteElo "2036"]
[BlackElo "2024"]
[PlyCount "51"]
[EventDate "2002.11.??"]
[EventType "team"]
[EventRounds "11"]
[EventCountry "ENG"]
[SourceTitle "EXT 2004"]
[Source "ChessBase"]
[SourceDate "2003.11.25"]
[SourceVersion "1"]
[SourceVersionDate "2003.11.25"]
[SourceQuality "1"]
[WhiteTeam "Nidum Knights"]
[BlackTeam "Numerica 3CS II"]
[WhiteTeamCountry "ENG"]
[BlackTeamCountry "ENG"]

1. e4 e6 2. d4 d5 3. Nd2 Nf6 4. e5 Nfd7 5. f4 c5 6. Ngf3 Nc6 7. Bd3 Be7 8. 0-0 0-0 9. Kh1 f6 10. c3 Qe8 11. Qe1 Qh5 12. Bc2 a6 13. Nb3 b6 14. Be3 a5 15. Qg3 c4 16. Nbd2 b5 17. exf6 Nxf6 18. Rae1 Qg4 19. Qxg4 Nxg4 20. g3 Nxe3 21. Rxe3 Bd7 22. Rfe1 Rf7 23. Ne5 Nxe5 24. Rxe5 Bf6 25. R5e2 b4 26. Nf3 1/2-1/2

[Event "BCF-ch Major op"]
[Site "Torquay"]
[Date "2002.07.31"]
[Round "3"]
[White "Plant, Paul RJ"]
[Black "Prokopchuk, Evgeny"]
[Result "0-1"]
[WhiteElo "2015"]
[BlackElo "2514"]
[PlyCount "90"]
[EventDate "2002.07.29"]
[EventType "swiss"]
[EventRounds "9"]
[EventCountry "ENG"]
[SourceTitle "EXT 2008"]
[Source "ChessBase"]
[SourceDate "2007.11.25"]
[SourceVersion "1"]
[SourceVersionDate "2007.11.25"]
[SourceQuality "1"]

1. d4 Nf6 2. c4 d6 3. g3 e5 4. Bg2 c6 5. Nc3 Nbd7 6. e4 exd4 7. Qxd4 Be7 8. Nf3 0-0 9. 0-0 Re8 10. Re1 Bf8 11. a3 Nc5 12. Rb1 Nb3 13. Qd1 Nxc1 14. Rxc1 g6 15. b4 Ng4 16. h3 Ne5 17. Nxe5 dxe5 18. Qc2 Be6 19. Red1 Qc8 20. c5 Bxh3 21. Bxh3 Qxh3 22. Na4 h5 23. Rd3 Qg4 24. Qc4 Rad8 25. Rcd1 Qxd1+ 26. Rxd1 Rxd1+ 27. Kg2 Red8 28. Nb2 R1d2 29. Qb3 Re2 30. Nc4 Rxe4 31. f3 Red4 32. Nxe5 Rd2+ 33. Kh3 R2d4 34. f4 Bg7 35. Nc4 Rd3 36. Qa2 R8d4 37. Qc2 Bf8 38. Ne5 Rd1 39. Qb3 Rd5 40. Qc2 Bg7 41. Nc4 h4 42. Qe2 hxg3 43. Kxg3 R1d3+ 44. Kg2 Kh7 45. Qe7 Rc3 0-1

[Event "BCF-chT qual (4NCL)"]
[Site "England"]
[Date "2002.06.03"]
[Round "4"]
[White "Quintana Hernandez, Marcos Ivan"]
[Black "Plant, Paul RJ"]
[Result "0-1"]
[WhiteElo "1850"]
[BlackElo "1768"]
[PlyCount "89"]
[EventDate "2002.06.??"]
[EventType "team"]
[EventRounds "8"]
[EventCountry "ENG"]
[SourceTitle "EXT 2005"]
[Source "ChessBase"]
[SourceDate "2004.11.15"]
[SourceVersion "1"]
[SourceVersionDate "2004.11.15"]
[SourceQuality "1"]
[WhiteTeam "Poisoned Pawns"]
[BlackTeam "Numerica 3Cs"]
[WhiteTeamCountry "ENG"]
[BlackTeamCountry "ENG"]

1. e4 e6 2. d4 d5 3. e5 c5 4. c3 Nc6 5. Nf3 Qb6 6. Be2 Nh6 7. Bxh6 Qxb2 8. Nbd2 gxh6 9. Qc1 Qxc1+ 10. Rxc1 Bd7 11. 0-0 Be7 12. dxc5 Bxc5 13. Nb3 Bb6 14. c4 Rg8 15. cxd5 exd5 16. Rfd1 Be6 17. Bb5 Rc8 18. Nfd4 Bd7 19. Nc5 Bxc5 20. Rxc5 Ke7 21. Rxd5 Bh3 22. Bf1 Nxd4 23. R5xd4 Bf5 24. g3 Rgd8 25. Rxd8 Rxd8 26. Rxd8 Kxd8 27. Bc4 Ke7 28. Bd5 b6 29. f4 Be6 30. Bb3 Bxb3 31. axb3 Ke6 32. Kf2 Kd5 33. Ke3 h5 34. Kd3 h4 35. b4 hxg3 36. hxg3 a5 37. bxa5 bxa5 38. Kc3 Ke4 39. Kb3 h5 40. Ka4 h4 41. gxh4 Kxf4 42. Kxa5 Kxe5 43. Kb4 Kf4 44. Kc4 Kg4 45. Kd3 0-1

[Event "Bolton Easter op 67th"]
[Site "Bolton"]
[Date "2002.03.30"]
[Round "3"]
[White "Plant, Paul RJ"]
[Black "Dunlop, Chris"]
[Result "0-1"]
[WhiteElo "1768"]
[BlackElo "2024"]
[PlyCount "41"]
[EventDate "2002.03.29"]
[EventType "swiss"]
[EventRounds "5"]
[EventCountry "ENG"]
[SourceTitle "EXT 2003"]
[Source "ChessBase"]
[SourceDate "2002.11.25"]
[SourceVersion "1"]
[SourceVersionDate "2002.11.25"]
[SourceQuality "1"]

1. d4 f5 2. g3 Nf6 3. Bg2 g6 4. Nf3 Bg7 5. 0-0 0-0 6. c4 d6 7. Qc2 Nc6 8. Rd1 Qe8 9. Nc3 e5 10. Nd5 Nxd5 11. cxd5 Nxd4 12. Nxd4 exd4 13. Qxc7 Qxe2 14. Bf4 Qxb2 15. Bxd6 Re8 16. Re1 Qb5 17. Bf1 Qd7 18. Rxe8+ Qxe8 19. Bb5 Qxb5 20. Qd8+ Kf7 21. Re1 0-1